[Event "FRA-ch Accession"]
[Site "Besancon"]
[Date "2006.08.17"]
[Round "3"]
[White "Louison, Lewis"]
[Black "Laudat, Philippe"]
[Result "1-0"]
[WhiteElo "1660"]
[BlackElo "1550"]
[PlyCount "105"]
[EventDate "2006.08.15"]
[EventType "swiss"]
[EventRounds "10"]
[EventCountry "FRA"]
[SourceTitle "CBM 113 Extra"]
[Source "ChessBase"]
[SourceDate "2006.09.14"]
[SourceVersion "1"]
[SourceVersionDate "2006.09.14"]
[SourceQuality "1"]

1. e4 e5 2. Nf3 d6 3. Bc4 h6 4. Nc3 Nc6 5. b3 Nf6 6. Bb2 Bg4 7. h3 Bxf3 8. Qxf3 Nd4 9. Qd3 a6 10. Nd5 b5 11. Nxf6+ Qxf6 12. Bd5 c6 13. Bxd4 cxd5 14. Bb2 d4 15. c3 dxc3 16. dxc3 Be7 17. c4 Rb8 18. cxb5 axb5 19. 0-0 0-0 20. f4 Qe6 21. fxe5 dxe5 22. Rf5 Bf6 23. Qg3 Rfe8 24. Rd1 Qc6 25. Rd5 Re6 26. Bxe5 Bxe5 27. Rdxe5 Rxe5 28. Rxe5 Qd7 29. Rd5 Qa7+ 30. Kh2 Qb7 31. Rh5 Qb6 32. Rxh6 g6 33. Qe5 f6 34. Rxg6+ Kf7 35. Qh5 Qd6+ 36. Rg3+ Ke7 37. e5 fxe5 38. Qh7+ Ke6 39. Rg6+ Kd5 40. Qf7+ Kc5 41. b4+ Kc6 42. Rxd6+ Kxd6 43. h4 Rc8 44. h5 Rc4 45. Qf6+ Kd5 46. h6 e4 47. h7 e3 48. h8Q e2 49. Qhd8+ Ke4 50. Qde7+ Kd3 51. Qfd6+ Rd4 52. Qxe2+ Kc3 53. Qe3+ 1-0